[Event "11, WM Sevilla"]
[Site "11, WM Sevilla"]
[Date "1987.??.??"]
[Round "?"]
[White "Karpov, Anatoly"]
[Black "Kasparov, Gary"]
[Result "0-1"]
[WhiteElo "2710"]
[BlackElo "2735"]
[PlyCount "104"]
[EventDate "1987.??.??"]
[Source "www.chesslib.no"]
[SourceDate "2004.05.04"]

1. d4 Nf6 2. c4 g6 3. Nc3 d5 4. cxd5 Nxd5 5. e4 Nxc3 6. bxc3 Bg7 7. Bc4 c5 8. Ne2 Nc6 9. Be3 O-O 10. O-O Bg4 11. f3 Na5 12. Bxf7+ Rxf7 13. fxg4 Rxf1+ 14. Kxf1 Qd6 15. Kg1 Qe6 16. Qd3 Qc4 17. Qxc4+ Nxc4 18. Bf2 cxd4 19. cxd4 e5 20. d5 Bh6 21. h4 Bd2 22. Rd1 Ba5 23. Rc1 b5 24. Rc2 Nd6 25. Ng3 Nc4 26. Nf1 Nd6 27. Ng3 Nc4 28. g5 Kf7 29. Nf1 Nd6 30. Ng3 Nc4 31. Kf1 Ke7 32. Bc5+ Kf7 33. Rf2+ Kg7 34. Rf6 Bb6 35. Rc6 Na5 36. Bxb6 Nxc6 37. Bc7 Rf8+ 38. Ke2 Rf7 39. Bd6 Rd7 40. Bc5 Na5 41. Nf1 Rc7 42. Bd6 Rc2+ 43. Kd3 Rxa2 44. Ne3 Kf7 45. Ng4 Nc4 46. Nxe5+ Nxe5+ 47. Bxe5 b4 48. Bf6 b3 49. e5 Rxg2 50. e6+ Kf8 51. d6 b2 52. d7 b1=Q+ 0-1

[Event "WM Sevilla"]
[Site "?"]
[Date "1987.??.??"]
[Round "7"]
[White "Karpov, Anatoly"]
[Black "Kasparov, Gary"]
[Result "1/2-1/2"]
[WhiteElo "2710"]
[BlackElo "2735"]
[PlyCount "162"]
[EventDate "1987.??.??"]
[Source "www.chesslib.no"]
[SourceDate "2004.05.04"]

1. d4 Nf6 2. c4 g6 3. Nc3 d5 4. cxd5 Nxd5 5. e4 Nxc3 6. bxc3 Bg7 7. Bc4 c5 8. Ne2 Nc6 9. Be3 O-O 10. O-O Bg4 11. f3 Na5 12. Bxf7+ Rxf7 13. fxg4 Rxf1+ 14. Kxf1 Qd6 15. e5 Qd5 16. Bf2 Rd8 17. Qe1 Qe4 18. g5 Qf5 19. h4 Nc4 20. Kg1 Qg4 21. a4 h6 22. Ra2 hxg5 23. Qb1 gxh4 24. Qb3 Qe6 25. Nf4 Qf7 26. Nxg6 Qxg6 27. Qxc4+ Kh8 28. Rb2 cxd4 29. cxd4 Qg4 30. Qf7 Rxd4 31. Bxd4 Qxd4+ 32. Rf2 Qxe5 33. Rf5 Qe1+ 34. Rf1 Qe5 35. Kh1 b6 36. Qf4 Qh5 37. Qf5 Qe2 38. Rc1 Bf6 39. Qg6 Qe6 40. Rd1 Qc8 41. Rf1 Qd7 42. Qh5+ Kg7 43. Rf4 Qd2 44. Rg4+ Kf8 45. Qf5 Qc1+ 46. Kh2 Qc7+ 47. Qf4 Qxf4+ 48. Rxf4 Ke8 49. Kg1 a6 50. Kf2 Kd7 51. Ke2 Kd6 52. Kd3 Kc5 53. Rc4+ Kd5 54. Rc7 a5 55. Rc4 e5 56. Rg4 Be7 57. Rg7 e4+ 58. Ke3 Bc5+ 59. Ke2 Bd4 60. Rg5+ Kc4 61. Rf5 Kc3 62. Rh5 Kc4 63. Rf5 Kc3 64. Rg5 Kc4 65. Rh5 Bf6 66. Rb5 Bd4 67. Rh5 Bf6 68. Rh6 Bd4 69. Rxh4 b5 70. axb5 a4 71. Rxe4 a3 72. b6 a2 73. Rxd4+ Kxd4 74. b7 a1=Q 75. b8=Q Qa6+ 76. Kf2 Qf6+ 77. Kg1 Ke4 78. Qb4+ Kf5 79. Qe1 Qd4+ 80. Qf2+ Qxf2+ 81. Kxf2 Kg4 1/2-1/2

[Event "Memorial A.Alekhine (a)"]
[Site "Memorial A.Alekhine (a)"]
[Date "1992.??.??"]
[Round "1"]
[White "Shirov, Alexei D"]
[Black "Kamsky, Gata"]
[Result "0-1"]
[WhiteElo "2655"]
[BlackElo "2655"]
[PlyCount "70"]
[EventDate "1992.??.??"]
[Source "www.chesslib.no"]
[SourceDate "2004.05.04"]

1. d4 Nf6 2. c4 g6 3. Nc3 d5 4. cxd5 Nxd5 5. e4 Nxc3 6. bxc3 Bg7 7. Bc4 c5 8. Ne2 Nc6 9. Be3 O-O 10. Rc1 cxd4 11. cxd4 Qa5+ 12. Kf1 Bd7 13. h4 Rfc8 14. h5 Nd8 15. f3 Ba4 16. Qd3 b5 17. Bd5 Rxc1+ 18. Bxc1 Rc8 19. hxg6 hxg6 20. Bh6 Bxh6 21. Rxh6 e6 22. f4 exd5 23. Qa3 Rc2 24. Qh3 Kf8 25. e5 Ke7 26. Rxg6 Qd2 27. Kg1 fxg6 28. Qh7+ Ke8 29. f5 Qb4 30. Qxg6+ Kd7 31. e6+ Nxe6 32. Qf7+ Kd8 33. Qxe6 Qe1+ 34. Kh2 Qxe2 35. Qxd5+ Kc7 0-1

[Event "Leon ESP"]
[Site "?"]
[Date "1996.??.??"]
[Round "5"]
[White "Illescas Cordoba Miguel"]
[Black "Polgar Judit"]
[Result "1/2-1/2"]
[WhiteElo "2635"]
[BlackElo "2675"]
[PlyCount "39"]
[EventDate "1996.??.??"]
[Source "www.chesslib.no"]
[SourceDate "2004.05.04"]

1. d4 Nf6 2. c4 g6 3. Nc3 d5 4. cxd5 Nxd5 5. e4 Nxc3 6. bxc3 Bg7 7. Bc4 c5 8. Ne2 O-O 9. O-O Nc6 10. Be3 a5 11. f3 Qd7 12. Bd5 Rd8 13. Rb1 Qd6 14. dxc5 e6 15. Bb3 Qd5 16. Qe1 g5 17. f4 Ra6 18. Ra1 Ne5 19. Ba4 Bh8 20. Qd1 1/2-1/2

[Event "Sochi RUS"]
[Site "?"]
[Date "2006.04.30"]
[Round "11"]
[White "Riazantsev Alexander"]
[Black "Areshchenko Alexander"]
[Result "1/2-1/2"]
[WhiteElo "2593"]
[BlackElo "2660"]
[PlyCount "45"]
[EventDate "2006.??.??"]
[Source "www.chesslib.no"]
[SourceDate "2004.05.04"]

1. d4 Nf6 2. c4 g6 3. Nc3 d5 4. cxd5 Nxd5 5. e4 Nxc3 6. bxc3 c5 7. Bc4 Bg7 8. Ne2 Nc6 9. Be3 O-O 10. O-O Bd7 11. Rb1 Qc7 12. Nf4 Qc8 13. Be2 Rd8 14. d5 Na5 15. c4 b6 16. Qc1 e5 17. dxe6 fxe6 18. h4 Nc6 19. h5 Ne5 20. hxg6 hxg6 21. Nh3 Bc6 22. Ng5 Qd7 23. Rb3 1/2-1/2

[Event "Reykjavik"]
[Site "?"]
[Date "1988.??.??"]
[Round "?"]
[White "Portisch, L."]
[Black "Kortchnoi, V."]
[Result "0-1"]
[WhiteElo "2630"]
[BlackElo "2595"]
[PlyCount "144"]
[EventDate "1988.??.??"]
[Source "ChessBase"]
[SourceDate "1988.07.01"]

1. d4 Nf6 2. c4 g6 3. Nc3 d5 4. cxd5 Nxd5 5. e4 Nxc3 6. bxc3 c5 7. Bc4 Bg7 8. Ne2 O-O 9. O-O Nc6 10. Be3 Bg4 11. f3 Na5 12. Bxf7+ Rxf7 13. fxg4 Rxf1+ 14. Kxf1 Qc8 15. Qa4 cxd4 16. cxd4 Nc4 17. Bf4 a6 18. g5 b5 19. Qb3 e5 20. dxe5 Qc6 21. Rd1 Rf8 22. Rd5 Qxd5 23. exd5 Nd2+ 24. Ke1 Nxb3 25. axb3 Rd8 26. d6 Kf7 27. Kd2 Re8 28. d7 Ra8 29. Nd4 Ke7 30. Kd3 Kxd7 31. Ke4 Rd8 32. h4 Bf8 33. e6+ Ke8 34. Be5 Bc5 35. Nc6 Rd1 36. b4 Bd6 37. Bxd6 Rxd6 38. Nd4 Ke7 39. Ke5 a5 40. bxa5 b4 41. Ke4 Ke8 42. Ke5 Ra6 43. Nb3 Ke7 44. Kd5 Rxe6 45. Kc5 Kd7 46. Kxb4 Re4+ 47. Kb5 Rxh4 48. Nc5+ Kc7 49. a6 Rh1 50. Ne6+ Kd6 51. Nd4 Rb1+ 52. Ka5 Kc5 53. Ne6+ Kd5 54. Nf8 Kc6 55. Nxh7 Kc5 56. Ka4 Ra1+ 57. Kb3 Rxa6 58. Nf8 Rd6 59. Kc3 Kd5 60. g4 Ke4 61. Kc4 Rd4+ 62. Kc3 Rd6 63. Kc4 Kf4 64. Kc5 Ke5 65. Kc4 Ke4 66. Kb4 Kd4 67. Kb5 Kd5 68. Kb4 Rc6 69. Kb3 Kc5 70. Kc3 Rd6 71. Nh7 Rd8 72. Nf6 Rd4 0-1

[Event "Haninge"]
[Site "?"]
[Date "1988.??.??"]
[Round "?"]
[White "Polugaevsky, L."]
[Black "Kortchnoi, V."]
[Result "1-0"]
[WhiteElo "2575"]
[BlackElo "2640"]
[PlyCount "51"]
[EventDate "1988.??.??"]
[Source "ChessBase"]
[SourceDate "1988.01.01"]

1. d4 Nf6 2. c4 g6 3. Nc3 d5 4. cxd5 Nxd5 5. e4 Nxc3 6. bxc3 c5 7. Bc4 Bg7 8. Ne2 O-O 9. Be3 Nc6 10. Rc1 cxd4 11. cxd4 Qa5+ 12. Kf1 Bd7 13. h4 e5 14. d5 Nd4 15. Nxd4 exd4 16. Bxd4 Bxd4 17. Qxd4 Rac8 18. Ke2 Rfe8 19. f3 Rxc4 20. Rxc4 Qxa2+ 21. Ke3 Qxg2 22. Rhc1 f5 23. e5 g5 24. hxg5 Qh2 25. e6 b5 26. Rc7 1-0

[Event "Moscow RUS"]
[Site "?"]
[Date "2004.02.17"]
[Round "1"]
[White "Sakaev Konstantin"]
[Black "Kurnosov Igor"]
[Result "1-0"]
[WhiteElo "2669"]
[BlackElo "2533"]
[PlyCount "79"]
[EventDate "2004.??.??"]
[Source "www.chesslib.no"]
[SourceDate "2004.05.04"]

1. d4 Nf6 2. c4 g6 3. Nc3 d5 4. cxd5 Nxd5 5. e4 Nxc3 6. bxc3 Bg7 7. Bc4 c5 8. Ne2 Nc6 9. Be3 O-O 10. O-O Bd7 11. Rb1 a6 12. dxc5 Qc7 13. Nd4 Na5 14. Bd3 Rfd8 15. Qe2 Rac8 16. Kh1 Ba4 17. f4 e5 18. fxe5 Bxe5 19. Rf3 Be8 20. Rbf1 Bxh2 21. Ne6 Qb8 22. Qf2 Rd7 23. g3 Qe5 24. Nf4 Qxc3 25. Kxh2 Nc6 26. Bd2 Qg7 27. Kg2 Ne5 28. Bc3 Ng4 29. Bxg7 Nxf2 30. R1xf2 Kxg7 31. Nd5 Rdd8 32. Nf6 Ba4 33. Bc2 Bb5 34. Rc3 Rd4 35. Bb3 b6 36. a4 Bd3 37. c6 Rd6 38. e5 Rcxc6 39. exd6 Rxc3 40. d7 1-0

[Event "Linares"]
[Site "?"]
[Date "1989.??.??"]
[Round "?"]
[White "Ljubojevic, Lj"]
[Black "Timman, J."]
[Result "1/2-1/2"]
[WhiteElo "2580"]
[BlackElo "2610"]
[PlyCount "82"]
[EventDate "1989.??.??"]
[Source "ChessBase"]
[SourceDate "1989.01.01"]

1. d4 Nf6 2. c4 g6 3. Nc3 d5 4. cxd5 Nxd5 5. e4 Nxc3 6. bxc3 Bg7 7. Bc4 O-O 8. Ne2 c5 9. Be3 Nc6 10. O-O Bg4 11. f3 Na5 12. Bxf7+ Rxf7 13. fxg4 Rxf1+ 14. Kxf1 Qd6 15. e5 Qd5 16. Bf2 Rd8 17. Qc2 Qc4 18. Qb2 Rf8 19. Kg1 Bh6 20. Rd1 Qa4 21. Re1 cxd4 22. Nxd4 Qc4 23. h3 b6 24. Nf3 Rd8 25. Bd4 Bf4 26. Kf2 Qd5 27. Qb1 Nc4 28. Qe4 Nb2 29. Qc2 Qb5 30. Rb1 Nd3+ 31. Kf1 Qc4 32. Qe2 b5 33. Ne1 Nxe5 34. Rxb5 Qf7 35. Kg1 Nc6 36. Nf3 Nxd4 37. cxd4 Rc8 38. Rc5 Rb8 39. Rb5 Rc8 40. Rc5 Rb8 41. Rb5 Rc8 1/2-1/2